|
|
|
|
| LEADER |
00000nam0a2200000 4500 |
| 001 |
144492 |
| 005 |
20231101221111.0 |
| 010 |
|
|
|a 9785217034390
|
| 035 |
|
|
|a (RuTPU)RU\TPU\book\156586
|
| 035 |
|
|
|a RU\TPU\book\73897
|
| 090 |
|
|
|a 144492
|
| 100 |
|
|
|a 20041025d2008 km y0rusy50 ca
|
| 101 |
0 |
|
|a rus
|
| 102 |
|
|
|a RU
|
| 105 |
|
|
|a a g 001zy
|
| 200 |
1 |
|
|a Приспособления для металлообрабатывающего инструмента
|e [справочник]
|f А. Р. Маслов
|
| 205 |
|
|
|a 3-е изд., испр. и доп.
|
| 210 |
|
|
|a Москва
|c Машиностроение
|d 2008
|
| 215 |
|
|
|a 320 с.
|c ил.
|
| 225 |
1 |
|
|a Библиотека инструментальщика
|
| 320 |
|
|
|a Библиогр.: с. 319.
|
| 330 |
|
|
|a Приведены справочные сведения о прогрессивной технологической оснастке: приспособлениях для крепления сверл, метчиков, фрез, разверток и другого металлорежущего инструмента, включая сведения из государственных стандартов, заводских нормалей и других источников, апробированных на производстве. Рассмотрены конструкции, позволяющие использовать обычные станки как широкоуниверсальные, особо точные, высокоскоростные или специальные. 2-е издание (1-е изд. 1996 г.) исправлено и дополнено новыми сведениями по приспособлениям для высокоскоростных станков. Предназначен для технологов и конструкторов машиностроительных предприятий; может быть полезен студентам втузов.
|
| 451 |
|
1 |
|0 (RuTPU)RU\TPU\book\73897
|y 5-217-03156-5
|t Приспособления для металлообрабатывающего инструмента
|o справочник
|f А. Р. Маслов
|e 2-е изд., перераб. и доп.
|c М.
|n Машиностроение
|d 2002
|p 252 с.
|s Библиотека инструментальщика
|a Маслов, Андрей Руффович
|
| 606 |
1 |
|
|a Станочные приспособления
|2 stltpush
|3 (RuTPU)RU\TPU\subj\73093
|9 86301
|
| 610 |
1 |
|
|a металлообрабатывающие станки
|
| 610 |
1 |
|
|a технологическая оснастка
|
| 610 |
1 |
|
|a сверла
|
| 610 |
1 |
|
|a развертки
|
| 610 |
1 |
|
|a фрезы
|
| 610 |
1 |
|
|a расточные инструменты
|
| 610 |
1 |
|
|a станки с ЧПУ
|
| 610 |
1 |
|
|a высокоскоростное резание
|
| 610 |
1 |
|
|a многооперационные станки
|
| 610 |
1 |
|
|a высокопроизводительное резание
|
| 610 |
1 |
|
|a специальные приспособления
|
| 610 |
1 |
|
|a резьбонарезные инструменты
|
| 610 |
1 |
|
|a справочники
|
| 675 |
|
|
|a 621.9.06-229.3(035)
|v 3
|
| 700 |
|
1 |
|a Маслов
|b А. Р.
|g Андрей Руффович
|
| 801 |
|
1 |
|a RU
|b 63413507
|c 20081003
|g PSBO
|
| 801 |
|
2 |
|a RU
|b 63413507
|c 20150708
|g PSBO
|
| 900 |
|
|
|a Технология машиностроения
|
| 900 |
|
|
|a Технология машиностроительного производства
|
| 900 |
|
|
|a Металлообрабатывающее оборудование
|
| 942 |
|
|
|c BK
|
| 959 |
|
|
|a 86/20081002
|d 1
|e 715,00
|f ЧЗТЛ:1
|